000 00459ntaaa2200181 4500
003 01
005 20251027202745.0
008 0714s1973 ag 01
040 _aAR-BaBN
_bspa
_cAR-BaBN
_eaacr
_dRIC
082 _a790.1924 W67
100 _aWilliams, Arthur
_927658
245 _aRecreation in the senior years
250 _a1 ed.
260 _aNew York :
_bAssociation Press,
_cc1962
300 _a252 p
500 _aRecreación para ancianos
942 _cBK
999 _c22839
_d22839